000 00654nam a2200217 a 4500
001 23821
003 CO-ViMGA
008 141112s2004 ck r 000 u spa d
020 _a9788437506333
040 _aCO-ViMGA
_bspa
_cCO-ViMGA
082 0 4 _a338.91 D371
100 1 _aVidal , Gregorio
_925560
245 1 0 _aDesarrollo y Transformacion :
_bOpciones para América latina
260 _aEspaña :
_bFCE
300 _a492P.
650 1 4 _aDESARROLLO ECONOMICO - América LATINA
_918564
650 1 4 _aGLOBALIZACION - América LATINA
_934500
650 1 4 _aMERCOSUR
_98816
650 1 4 _aPolítica ECONOMICA - América LATINA
_934501
942 _2ddc
_cBK
999 _c31902
_d31902